000 00986nam a22002297a 4500
005 20170529102708.0
010 _a1617EN
020 _a9788172010065
_c450.00
035 _aB-648363-370
035 _aB-664744
037 _bStar
_adpl
082 _a891.1
100 _aDas, Sisir Kumar
245 _aA history of Indian literature :
_cby Sisir Kumar Das
_b1800-1910 western impact: Indian response /
260 _aNew Delhi
_bSahitya Akademi
_c2015
270 _aRabindra Bhawan, 35 Ferozeshah Road,
_bNew Delhi
_e110001
300 _axiii,815p.
_b25cm(Hb)
500 _aIncludes index
942 _2ddc
_cEN
_mDAS
_h891.1
999 _c102305
_d102305